00591nam a2200205Ia 4500001000700000003000500007008004100012010001100053020001800064040000900082082001400091100001900105245008200124260006000206300001600266503001700282504003300299650002800332700002500360Z_5243CHAP220113s9999 xx 000 0 und d a168307 a0-87893-481-2 cCHAP a575.1 L96 aLynch, Michael aGenetics and analysis of quantitative traits /cMichael Lynch y Bruce Walsh aSunderland, Massachusetts :bSinauer Associates,c  axvi, 980 p. aej.1: 225103 aBibliografía: p. 891 - 948 aGenética cuantitativa aWalsh, Bruce, coaut.